000 00314nam a22001337a 4500
020 _a978-1-119-85602-3
082 _a657.42
100 _aBoyd, Ken
245 _aCost Accounting for Dummies
250 _a2nd
260 _aNew Jersey:
_bJohn Wiley & Sons,
_c2022
300 _axiii, 432p.:ill.; 24cm
942 _cBK
999 _c22119
_d22119